Srdce nedelené

Bibliographic Details
Main Author: L'Ermite, Pierre, 1863-1959 (Author)
Other Authors: Bakoš, Ľudovít, 1919-1974 (Translator)
Format: Book
Language:Slovak
French
PhysicalDescription:172, [4] s. 8°
Published: Trnava Spolok sv. Vojtecha 1938
Subjects:

MARC

LEADER 00000cam a2200000 a 4500
001 vtls008382766
003 SK-MaSNL
005 20260301123508.0
008 180812s1938 xo 000 f slo
015 |a SNBA19191938-006424 
035 |a SK01SNKBSKHR20010074983 
035 |a SKM000077446 
040 |a SNK  |b slo  |c SNK  |e AACR2 
041 1 |a slo  |h fre 
044 |a xo  |c SK 
080 |a 840-3  |2 1981 
100 1 |a L'Ermite, Pierre,  |d 1863-1959  |4 aut  |9 178490 
245 1 0 |a Srdce nedelené  |c Pierre L'ermite ; z franc. prel. Ľudo Bakoš 
260 |a Trnava  |b Spolok sv. Vojtecha  |c 1938  |e Trnava  |f Spolok Sv. Vojtecha 
300 |a 172, [4] s.  |c 8° 
655 7 |a francúzske romány  |2 SNKPH  |9 70252 
700 1 |a Bakoš, Ľudovít,  |d 1919-1974  |4 trl  |9 107760 
958 |a OND 
958 |a RK 
958 |a TL 
999 |c 736449  |d 738379 
952 |a SNK  |b SNK  |y PREZ  |7 0  |p 17A0413555  |o snkSD 9654  |i snk4446/55  |0 0  |1 0  |4 0  |d 2004-02-07  |l 0  |r 2025-11-24 00:00:00  |w 2026-02-23 
952 |a SNK  |b SNK  |y PREZ  |7 0  |p 17A1151097  |o snkSD 9654 D1  |i snkKSF 1897/57  |8 5  |0 0  |1 0  |4 0  |d 2016-10-06  |l 0  |r 2026-02-23 22:46:14  |w 2026-02-23